000 00998nam a2200181 a 4500
001 000037924
005 20201002031134.0
008 130308s1982 dr 000 0 spa d
020 _a9580207461
040 _aDO-SdBNP
_bspa
_cBNPHU
100 1 _aTuleja, Tad
_964358
245 1 0 _aVerdades de mentira :
_bla verdad sobre más de 200 falsas creencias aceptadas como ciertas /
_cTad Tuleja.
250 _a2a. ed.
260 _aColombia :
_bVoluntad,
_c1982.
300 _a222 p. ;
_c23 cm.
504 _aBibliografía : p. 221-22
505 0 _tPrólogo --
_tEl exiliado--
_tLa calle --
_tEl agregado--
_tBolero --
_tOctava avenida--
_tPlena --
_tAsimilismo --
_tCuarenta y siete octava --
_tMuertos en la calle --
_tUva Playera --
_tMadrugada --
_tLos nombres --
_tRecuerdos de mentira --
_tEstado cincuentaíno --
_tBolero triste --
_tMeditación primera: el camaleón --
_tAlgunas verdades duelen --
_tMeditación segunda: el pitirre --
_tY todo el resto es literatura --
_tDiógenes --
_tRequiém para güiro y órgano.
999 _c37414
_d37414